Caricamento...

Chirakukalulla bus

Dettagli Bibliografici
Autore principale: Vishnuprasad
Natura: Printed Book
Lingua:English
Pubblicazione: KOTTAYAM DC BOOKS
LEADER 00606 a2200133 4500
008 151214b xxu||||| |||| 00| 0 eng d
100 |a Vishnuprasad 
245 |a Chirakukalulla bus  |c /Vishnu Prasad 
260 |a KOTTAYAM  |b DC BOOKS 
300 |a 71P 
942 |c BK  |2 ddc 
999 |c 228807  |d 228807 
952 |0 0  |1 0  |2 ddc  |4 0  |6 851_000000000000000_87V4_CHI  |7 0  |9 252723  |a MAL  |b MAL  |c ST1  |d 2011-05-17  |g 45.00  |l 3  |o 851.87V4 CHI  |p MAL32581  |r 2019-12-11  |s 2019-11-11  |w 2011-12-05  |y BK 
952 |0 0  |1 0  |4 0  |6 851_000000000000000_87V4_CHI  |7 0  |9 252724  |a MAL  |b MAL  |c ST1  |d 2015-12-28  |g 45.00  |l 1  |o 851.87V4 CHI  |p MAL36591  |r 2016-12-17  |s 2016-11-14  |w 2015-12-28  |y BK